লোডিং...

Graph theory with applications /

গ্রন্থ-পঞ্জীর বিবরন
প্রধান লেখক: Bondy J. A.
অন্যান্য লেখক: Murty, U. S. R.
ভাষা:Undetermined
প্রকাশিত: Macmillan Press 1976
সংস্করন:x
বিষয়গুলি:
LEADER 00519nam a2200181Ia 4500
001 13288
008 170722s9999 xx 000 0 und d
100 |a Bondy J. A. 
245 |a Graph theory with applications / 
250 |a x 
260 |b Macmillan Press  |c 1976 
300 |a x+ 264  |c 23 cm. 
653 |a Higher Algebra 
653 |a Mathematics 
700 |a Murty, U. S. R. 
942 |c GEN 
999 |c 8607  |d 8607 
952 |0 0  |1 0  |4 0  |6 B_256_L6_TB  |7 0  |9 9798  |a LIB  |b LIB  |d 2013-03-25  |o B25:6 L6, TB  |p 172636  |r 2017-08-12  |w 2017-08-12  |y GEN